000 00310nam a22001337a 4500
003 SGT
082 _a635
_bKUM
100 _aKUMAR DR. CH D HEMANT
245 _aGLIMPSES OF HI-TECH HORTICULTURE
260 _aNEW DELHI
_bBHAVYA BOOK PUB
_c2023
300 _a252
650 _aHORTICULTURE
942 _2ddc
_cBK
999 _c26894
_d26894